00513nam a2200181Ia 4500082001600000100001700016245007700033260003400110300001600144504001900160650002200179650002200201650002200223650001800245650002000263650002400283650002400307 a025.5 SHA-; aSharma, C.D. 0aUse of libraries: a guide to better use of libraries and their resources aNew DelhibMetropolitanc1978 axiii, 345p. aIncludes index aLibrary resources aLibrary materials aLibrary education aLibrary users aLibrary science aLibrary and society aLibrary use studies